=LDR 00000nam 2200000 4500 =001 INLIS000000000051351 =005 20200305012135 =035 ##$$a 0010-0917000155 =007 ta =008 200305################g##########0#ind## =020 ##$$a 978-602-422-000-6 =082 ##$$a 297.631 =084 ##$$a 297.631 ADE k =100 #$$a Ade Sofyan Mulazid =245 1#$$a Kedudukan sistem pegadaian syariah /$c Ade Sofyan Mulazid =260 ##$$a Jakarta :$b Prenadamedia group,$c 2016 =300 ##$$a vi, 240 hlm : $b ilus. ; $c 23 x 15 cm. =500 ##$$a Bibliografi : Hlm. 217-237 =650 #4$$a Pegadaian - Islam =520 ##$$a Biografi : Hlm. 239-240 =250 ##$$a Cet. 1 =990 ##$$a 21703105 =990 ##$$a 21703104 =990 ##$$a 21703103 =990 ##$$a 21703102 =990 ##$$a 21703101